| 000 | 00350nam a22001457a 4500 | ||
|---|---|---|---|
| 008 | 230517b ||||| |||| 00| 0 eng d | ||
| 020 | _a0393963160 | ||
| 041 | _aeng | ||
| 080 |
_2FIRST EDITION _a330.10 |
||
| 082 | _a330.10TAY | ||
| 100 | _a24 | ||
| 101 | _aMBE | ||
| 245 |
_aMACROECONOMIC POLICY IN A WORLD ECONOMY _cTAYLOR.B.J |
||
| 942 |
_2udc _cBK |
||
| 999 |
_c59769 _d59769 |
||